<?xml version="1.0" encoding="UTF-8"?>
<collection xmlns="http://www.loc.gov/MARC21/slim">
 <record>
  <leader>00944cam a2200253 7i4500</leader>
  <controlfield tag="001">0000063119</controlfield>
  <controlfield tag="005">20220822090000.0</controlfield>
  <controlfield tag="008">220822t20062006my a   ###   #00001eng##</controlfield>
  <datafield tag="020" ind1="#" ind2="#">
   <subfield code="a">9789834278564 </subfield>
  </datafield>
  <datafield tag="020" ind1="#" ind2="#">
   <subfield code="a">983427856X </subfield>
  </datafield>
  <datafield tag="040" ind1="#" ind2="#">
   <subfield code="a">UMT </subfield>
   <subfield code="b">eng </subfield>
   <subfield code="c">UMT </subfield>
   <subfield code="e">rda</subfield>
  </datafield>
  <datafield tag="090" ind1="0" ind2="0">
   <subfield code="a">HF 5611 </subfield>
   <subfield code="b">.S9 2006</subfield>
  </datafield>
  <datafield tag="100" ind1="0" ind2="#">
   <subfield code="a">Syed Alwi Mohamed Sultan </subfield>
   <subfield code="e">author </subfield>
  </datafield>
  <datafield tag="245" ind1="1" ind2="2">
   <subfield code="a">A mini guide to accounting for Islamic financial products : </subfield>
   <subfield code="b">a primer  </subfield>
   <subfield code="c">Syed Alwi Mohamed Sultan.</subfield>
  </datafield>
  <datafield tag="264" ind1="#" ind2="1">
   <subfield code="a">Kuala Lumpur: </subfield>
   <subfield code="b">CERT Publications, </subfield>
   <subfield code="c">2006</subfield>
  </datafield>
  <datafield tag="264" ind1="#" ind2="4">
   <subfield code="c">♭2006</subfield>
  </datafield>
  <datafield tag="300" ind1="#" ind2="#">
   <subfield code="a">vii, 113 pages: </subfield>
   <subfield code="b">illustrations; </subfield>
   <subfield code="c">20 cm</subfield>
  </datafield>
  <datafield tag="336" ind1="#" ind2="#">
   <subfield code="a">text -- </subfield>
   <subfield code="2">rdacontent</subfield>
  </datafield>
  <datafield tag="337" ind1="#" ind2="#">
   <subfield code="a">unmediated -- </subfield>
   <subfield code="2">rdamedia</subfield>
  </datafield>
  <datafield tag="338" ind1="#" ind2="#">
   <subfield code="a">volume -- </subfield>
   <subfield code="2">rdacarrier</subfield>
  </datafield>
  <datafield tag="590" ind1="#" ind2="#">
   <subfield code="a">Pusat Pengajian Perniagaan dan Pengurusan Maritim</subfield>
  </datafield>
  <datafield tag="650" ind1="0" ind2="0">
   <subfield code="a">Accounting -- </subfield>
   <subfield code="x">Religious aspects -- </subfield>
   <subfield code="x">Islam </subfield>
  </datafield>
  <datafield tag="650" ind1="0" ind2="0">
   <subfield code="a">Banks and banking -- </subfield>
   <subfield code="x">Religious aspects -- </subfield>
   <subfield code="x">Islam </subfield>
  </datafield>
  <datafield tag="999" ind1=" " ind2=" ">
   <subfield code="a">1100068487</subfield>
   <subfield code="b">Book</subfield>
   <subfield code="c">Open Shelf</subfield>
   <subfield code="e">KOLEKSI TERBUKA</subfield>
  </datafield>
 </record>
</collection>
